Szczegóły MARC21

Doświadczenia rodzinne w narracjach : interpretacje sensów i znaczeń /

003 -Nazwa inst., której nr kontr. jest w polu 001 [,]
    • @
    • Nazwa instytucji, której n kontrolny jest w polu 001
    • NUKAT
005 -DATA I CZAS OSTATNIEJ MODYFIKACJI [,]
    • @
    • pole kontrolne
    • 20241231104636.0
020 -Międzynarod. znormalizowany nr książki - ISBN [ , ]
    • a
    • Numer ISBN
    • 8389518414 Find
040 -Instytucja sporządzająca opis [ , ]
    • a
    • Instytucja, która sporządziła opis (NP)
    • KR U/AM
    • c
    • Instytucja, która sporządziła rekord (NP)
    • KR U/AM
    • d
    • Instytucja, która zmodyfikowała rekord (P)
    • KR U/AM
    • d
    • Instytucja, która zmodyfikowała rekord (P)
    • POZN U/KMs
041 -Język dokumentu [0, ]
    • a
    • Język tekstu (P)
    • polski
    • b
    • Język streszczeń lub abstraktu (P)
    • angielski
942 -Rodzaj dokumentu [ , ]
    • c
    • Rodzaj dokumentu
    • Książka
100 -Hasło główne - nazwa osobowa [1, ]
    • a
    • Nazwa osobowa (NP)
    • Nowak-Dziemianowicz, Mirosława
    • d
    • Daty biograficzne (NP)
    • (1956- ).
    • 9
    • KHW
    • 46504
245 -Strefa tytułu i oznaczenia odpowiedzialności [1,0]
    • a
    • Tytuł
    • Doświadczenia rodzinne w narracjach : Find
    • b
    • Ciąg dalszy tytułu (NP)
    • interpretacje sensów i znaczeń / Find
    • c
    • Pozostałe elementy strefy tytułu i oznaczenia odpowiedzialności (NP)
    • Mirosława Nowak-Dziemianowicz.
250 -Strefa wydania [ , ]
    • a
    • Oznaczenie wydania (NP)
    • Wyd. 2.
260 -Strefa adresu wydawniczego [ , ]
    • a
    • Miejsce wydania (P)
    • Wrocław :
    • b
    • Nazwa wydawcy (P)
    • Wydawnictwo Naukowe Dolnośląskiej Szkoły Wyższej Edukacji TWP,
    • c
    • Data wydania (P)
    • cop. 2006.
300 -Strefa opisu fizycznego [ , ]
    • a
    • Określenie formy książki i/lub objętość (NP)
    • 297 s. ;
    • c
    • Format (NP)
    • 24 cm.
336 -Typ zawartości [ , ]
    • a
    • Termin opisujący typ zawartości
    • Tekst
    • b
    • Kod określający zawartość
    • txt
    • 2
    • Źródło (terminu i kodu)
    • rdacontent
337 -Typ mediów [ , ]
    • a
    • Tryb odtwarzania
    • Bez urządzenia pośredniczącego
    • b
    • Kod typu mediów
    • n
    • 2
    • Źródło (terminu i kodu)
    • rdamedia
338 -Typ/rodzaj nośnika [ , ]
    • a
    • Hasło opisujące typ nośnika
    • Wolumin
    • b
    • Kod typu nośnika
    • nc
    • 2
    • Źródło (terminu i kodu)
    • rdacarrier
504 -Uwaga dot. bibliogr. załącznikowej [ , ]
    • a
    • Uwaga dot. bibliografii załącznikowej
    • Bibliogr. s. 279-293.
546 -Uwaga dot. języka [ , ]
    • a
    • Uwaga dot. języka
    • Streszcz. w jęz. ang.
080 -Uniwersalna Klasyfikacja Dziesiętna [ , ]
    • 2
    • Identyfikator wydania tablic
    • UDC-P058
    • a
    • Symbol klasyfikacji
    • 316.811/.815
    • b
    • Dopowiedzenie
    • Małżeństwo i rodzina. Rodzaje małżeństw i związków. Małżeństwa międzyetniczne. Małżeństwa międzywyznaniowe. Związki homoseksualne. Relacje w rodzinie. Wdowieństwo. Rozwód. Separacja.
080 -Uniwersalna Klasyfikacja Dziesiętna [ , ]
    • 2
    • Identyfikator wydania tablic
    • UDC-P058
    • a
    • Symbol klasyfikacji
    • 159.9
    • b
    • Dopowiedzenie
    • Psychologia.
    • x
    • Poddział wspólny
    • -055.5
    • b
    • Dopowiedzenie
    • -Osoby pozostające w związkach rodzinnych. Rodzina.
650 -Hasło przedmiotowe [ ,7]
    • a
    • Hasło przedmiotowe
    • Komunikacja w małżeństwie.
    • 2
    • Źródło terminu
    • kaba
    • 9
    • KHW
    • 114896
650 -Hasło przedmiotowe [ ,7]
    • a
    • Hasło przedmiotowe
    • Rodzina
    • x
    • Określnik rzeczowy
    • aspekt psychologiczny
    • x
    • Określnik rzeczowy
    • badania.
    • 2
    • Źródło terminu
    • kaba
    • 9
    • KHW
    • 389112
650 -Hasło przedmiotowe [ ,7]
    • a
    • Hasło przedmiotowe
    • Rodzina
    • x
    • Określnik rzeczowy
    • socjologia.
    • 2
    • Źródło terminu
    • kaba
    • 9
    • KHW
    • 127983
650 -Hasło przedmiotowe [ ,7]
    • a
    • Hasło przedmiotowe
    • Rola wynikająca z płci.
    • 2
    • Źródło terminu
    • kaba
    • 9
    • KHW
    • 128018
650 -Hasło przedmiotowe [ ,7]
    • a
    • Hasło przedmiotowe
    • Rozwód
    • x
    • Określnik rzeczowy
    • aspekt psychologiczny.
    • 2
    • Źródło terminu
    • kaba
    • 9
    • KHW
    • 359439
650 -Hasło przedmiotowe [ ,7]
    • a
    • Hasło przedmiotowe
    • Wychowanie w rodzinie.
    • 2
    • Źródło terminu
    • kaba
    • 9
    • KHW
    • 136564
980 -Symbol UKD [ , ]
    • a
    • UKD
    • 316.811/.815:159.9-055.5
710 -Hasło dodatkowe - nazwa ciała zbiorowego [2, ]
    • a
    • Nazwa ciała zbiorowego lub nazwa geograficzna jako pierwszy element (NP)
    • Dolnośląska Szkoła Wyższa Edukacji.
    • b
    • Nazwa jednostki podrzędnej (P)
    • Wydawnictwo Naukowe.
    • 4
    • Kod relacji
    • pbl
    • 9
    • KHW
    • 76444
920 -ISBN [ , ]
    • a
    • ISBN
    • 83-89518-41-4 Find
Lokalizacja Data inwentaryzacji Status udost. Numer inwentarzowy
BG2009-06-29-3Pd.20093
BG2009-06-291Pd.20092